书目信息 |
| 题名: |
文化、群体与认同
|
|
| 作者: | 吴莹 著 | |
| 分册: | ||
| 出版信息: | 北京 社会科学文献出版社 2016 |
|
| 页数: | 176页 | |
| 开本: | 23cm | |
| 丛书名: | 新视角·新探索:文化与社会心理学丛书 | |
| 单 册: | ||
| 中图分类: | G05 | |
| 科图分类: | ||
| 主题词: | 文化社会学--wen hua she hui xue--研究 | |
| 电子资源: | ||
| ISBN: | 978-7-5097-9879-9 | |
| 000 | 01383nam0 22002891 450 | |
| 001 | 0119165308 | |
| 005 | 20170619165308.0 | |
| 010 | @a978-7-5097-9879-9@dCNY69.00 | |
| 100 | @a20170104d2016 em y0chiy50 ea | |
| 101 | 0 | @achi |
| 102 | @aCN@b110000 | |
| 105 | @aa z 000yy | |
| 106 | @ar | |
| 200 | 1 | @a文化、群体与认同@9wen hua qun ti yu ren tong@e社会心理学的视角@dCulture, group, and identity@ethe perspective of social psychology@f吴莹著@zeng |
| 210 | @a北京@c社会科学文献出版社@d2016 | |
| 215 | @a176页@c图@d23cm | |
| 225 | 2 | @a新视角·新探索:文化与社会心理学丛书@9xin shi jiao xin tan suo wen hua yu she hui xin li xue cong shu@f杨宜音主编 |
| 300 | @a中央民族大学“985专项基金”支持 | |
| 330 | @a本书立足于“文化”与“群体”,从文化社会心理学及群际心理学两个学科视角出发,探讨“认同”这一机制的形成及其对人们生活的影响。本书第一部分聚集于“文化、群体与认同”相关主题的理论探讨与思考;第二部分结合已有的实证研究,探讨中国社会中现实群体的形成及文化、群体与认同相互作用的过程。 | |
| 461 | 0 | @12001 @a新视角·新探索:文化与社会心理学丛书 |
| 510 | 1 | @aCulture, group, and identity@ethe perspective of social psychology@zeng |
| 517 | 1 | @a社会心理学的视角@9she hui xin li xue de shi jiao |
| 606 | 0 | @a文化社会学@9wen hua she hui xue@x研究 |
| 690 | @aG05@v5 | |
| 701 | 0 | @a吴莹@9wu ying@4著 |
| 801 | 0 | @aCN@b百万庄@c20170616 |
| 905 | @b1011561-6@dG05@e108@f6 | |
| 文化、群体与认同:社会心理学的视角=Culture, group, and identity:the perspective of social psychology/吴莹著.-北京:社会科学文献出版社,2016 |
| 176页:图;23cm.-(新视角·新探索:文化与社会心理学丛书/杨宜音主编) |
| 中央民族大学“985专项基金”支持 |
| ISBN 978-7-5097-9879-9:CNY69.00 |
| 本书立足于“文化”与“群体”,从文化社会心理学及群际心理学两个学科视角出发,探讨“认同”这一机制的形成及其对人们生活的影响。本书第一部分聚集于“文化、群体与认同”相关主题的理论探讨与思考;第二部分结合已有的实证研究,探讨中国社会中现实群体的形成及文化、群体与认同相互作用的过程。 |
| ● |
| 相关链接 |
|
|
|
|
正题名:文化、群体与认同
索取号:G05/108
 
预约/预借
| 序号 | 登录号 | 条形码 | 馆藏地/架位号 | 状态 | 备注 |
| 1 | 1011561 | 210115613 | 第一样本阅览室/ [索取号:G05/108] | 在馆 | |
| 2 | 1011562 | 210115622 | 教育系资料室/ [索取号:G05/108] | 在馆 | |
| 3 | 1011563 | 210115631 | 教育系资料室/ [索取号:G05/108] | 在馆 | |
| 4 | 1011564 | 210115640 | 教育系资料室/ [索取号:G05/108] | 在馆 | |
| 5 | 1011565 | 210115659 | 第四借阅区/ [索取号:G05/108] | 在馆 | |
| 6 | 1011566 | 210115668 | 第四借阅区/ [索取号:G05/108] | 在馆 |